000 00533nam a2200205 a 4500
005 20140310183517.0
008 110108s19uu xx 00 eng d
020 _a9780071703123
050 _aHF 5826.5
_b.Si57 2010
100 _aSissors, Jack
245 _aAdvertising media planning.
250 _a7th
260 _aNew York :
_bMcGrwaHill,
_c2010.
300 _a471 p. :
_bill. ;
_c27 cm.
521 _aMC
650 _aAdvertising media planning.
700 _aRoger B. Baron
942 _cBK
_2lcc
_kFOR
999 _c24318
_d24318